Evénements du 8 novembre - Statistiques

Statistiques générales
  • Ce quiz a été pris 71 fois
  • Le résultat moyen est 10 sur 15
Statistiques - réponses
Hint Réponse % Correct
John F. Kennedy est élu président des Etats-Unis 1960
94%
Cicéron prononce son premier plaidoyer contre Catilina - 63 avt J.C.
85%
Hernan Cortès arrive sur le site de l'actuel Mexico 1519
83%
Débarquement des Alliés au Maroc, opération Torch 1942
83%
George H. W. Bush est élu président des Etats-Unis 1988
83%
Donald Trump est élu président des Etats-Unis 2016
83%
Le duc de Buckingham est chassé de l'île de Ré par les Français 1627
74%
Inauguration du Louvre Abou Dabi aux Emirats Arabes Unis 2017
72%
Le Montana devient le 41e état américain 1889
70%
Attentat à la bombe contre Hitler par Georg Elser 1939
66%
Franklin D. Roosevelt est élu président des Etats-Unis 1932
57%
Ouverture de la ligne 9 du métro de Paris 1922
51%
Naissance d'Alain Delon 1935
51%
1ère tentative de putsch par Adolf Hitler à Munich 1923
49%
Ouverture du concile de Clermont 535
38%
Aucun quiz correspondant
Distribution des résultats
% des personnes avec chaque résultat
Percentile par nombre de réponses
Votre historique - résultats
Vous n’avez pas pris ce quiz